000 00552nam a22001697a 4500
005 20260226094103.0
008 260226b |||||||| |||| 00| 0 eng d
020 _a9781032861234 (pbk)
040 _cPK-LaUMT
082 _a711.4
_bYIG-U
100 _aYigitanlar, Tan
_99517
245 _aUrban artificial intelligence :
_ba guidebook for understanding perceptions and ethics /
_cby Tan Yigitcanlar
260 _aBoca Raton :
_bCRC Press,
_c2025
300 _a393 p.
650 _aArtificial intelligence-Moral and ethical aspects
_99518
942 _cBK
999 _c139911
_d139911